Mujeres: relaciones de género y agricultura
Tallennettuna:
| Päätekijät: | , , , , , , , , , , , , , , , |
|---|---|
| Aineistotyyppi: | Kirja |
| Kieli: | espanja |
| Julkaistu: |
Santiago
Centro de Estudios para el Desarrollo de la Mujer
1995
|
| Aiheet: | |
| Tagit: |
Lisää tagi
Ei tageja, Lisää ensimmäinen tagi!
|
MARC
| LEADER | 00000nam a2200000 a 4500 | ||
|---|---|---|---|
| 001 | UCZ1843 | ||
| 003 | CL-VaPUC | ||
| 008 | 950914e19950000CL |||||||||||||||||spa|d | ||
| 082 | 0 | 4 | |a 305.4 |b SIL |2 21 |
| 100 | 0 | |a Silveira, Vera L |e author |9 345485 | |
| 700 | 0 | |a Morais, María A |e author |9 345486 | |
| 700 | 0 | |a Lara, Sara María |e author |9 345487 | |
| 700 | 0 | |a Valdés, Ximena |e author |9 345488 | |
| 700 | 0 | |a Venegas, Sylvia |e author |9 345489 | |
| 700 | 0 | |a Aranda, Ximena |e author |9 345490 | |
| 700 | 0 | |a Faune, María Angélica |e author |9 345491 | |
| 700 | 0 | |a Arriagada, Irma |e author |9 345492 | |
| 700 | 0 | |a Ocampos, Genoveva |e author |9 345493 | |
| 700 | 0 | |a Siqueira, Deis |e author |9 345494 | |
| 700 | 0 | |a Bandeira, Lourdes |e author |9 345495 | |
| 700 | 0 | |a Amin, Mostafa |e author |9 345496 | |
| 700 | 0 | |a Chiappe, Marta |e author |9 345497 | |
| 700 | 0 | |a León, Magdalena |e author |9 345498 | |
| 700 | 0 | |a Campillo, Fabiola |e author |9 345499 | |
| 700 | 0 | |a Zapata, Emma, Rebolledo, Loreto |e author |9 345500 | |
| 245 | 1 | 0 | |a Mujeres: relaciones de género y agricultura |
| 300 | |a 423 p | ||
| 942 | |c BK | ||
| 945 | |d 19950914 00:00:00 |a rbrito | ||
| 260 | |a Santiago |b Centro de Estudios para el Desarrollo de la Mujer |c 1995 | ||
| 650 | 0 | |a Mujeres |9 257649 | |
| 650 | 7 | |a TRABAJADORAS |2 CL-VaPUC |9 338645 | |
| 650 | 0 | |a Familias |9 255641 | |
| 650 | 7 | |a TEMPORERAS AGRICOLAS |2 CL-VaPUC |9 345501 | |
| 650 | 7 | |a MUJERES CAMPESINAS |2 CL-VaPUC |9 345502 | |
| 651 | 7 | |a CHILE |2 CL-VaPUC |9 345503 | |
| 651 | 0 | |a México |9 255269 | |
| 651 | 7 | |a CENTROAMERICA |2 CL-VaPUC |9 323312 | |
| 651 | 0 | |a América Latina |9 255027 | |
| 583 | |a last modification |c 20180227 06:07:40 |k Rodrigo Vera | ||
| 999 | |c 238527 |d 238525 | ||
| 952 | |0 0 |1 0 |4 0 |6 305_400000000000000_SIL_1995 |7 0 |8 A |9 248772 |a BIBGIM |b BIBGIM |d 2019-11-18 |i 3130932 |o 305.4 SIL 1995 |p 3130932 |r 2025-01-15 |w 2019-11-18 |y BK |k SSL | ||
| 952 | |0 0 |1 0 |4 0 |6 305_400000000000000_SIL_1995 |7 0 |8 A |9 248773 |a BIBGIM |b BIBGIM |d 2019-11-18 |i 375460K |o 305.4 SIL 1995 |p 375460K |r 2025-01-15 |w 2019-11-18 |y BK |k SSL | ||